|
|
|
|
| LEADER |
01593nam a2200385 i 4500 |
| 001 |
EBC6448724 |
| 003 |
MiAaPQ |
| 005 |
20210607120327.0 |
| 006 |
m o d | |
| 007 |
cr cnu|||||||| |
| 008 |
210607s2018 nyua o 000 0 eng d |
| 020 |
|
|
|z 9781683505556
|q (print)
|
| 020 |
|
|
|z 9781683505563
|q (electronic bk.)
|
| 035 |
|
|
|a (MiAaPQ)EBC6448724
|
| 035 |
|
|
|a (Au-PeEL)EBL6448724
|
| 035 |
|
|
|a (OCoLC)1019741650
|
| 040 |
|
|
|a MiAaPQ
|b eng
|e rda
|e pn
|c MiAaPQ
|d MiAaPQ
|
| 050 |
|
4 |
|a HG4027.7
|b .P756 2018
|
| 082 |
0 |
|
|a 658.1592
|2 23
|
| 100 |
1 |
|
|a Prior, Pam,
|e author.
|
| 245 |
1 |
0 |
|a Your first CFO :
|b the accounting cure for small business owners /
|c Pam Prior.
|
| 264 |
|
1 |
|a New York, New York :
|b Morgan James Publishing,
|c [2018]
|
| 264 |
|
4 |
|c 2018
|
| 300 |
|
|
|a 1 online resource (75 pages) :
|b illustrations
|
| 336 |
|
|
|a text
|b txt
|2 rdacontent
|
| 337 |
|
|
|a computer
|b c
|2 rdamedia
|
| 338 |
|
|
|a online resource
|b cr
|2 rdacarrier
|
| 588 |
|
|
|a Description based on print version record.
|
| 590 |
|
|
|a Electronic reproduction. Ann Arbor, MI : ProQuest, 2018. Available via World Wide Web. Access may be limited to ProQuest affiliated libraries.
|
| 650 |
|
0 |
|a Small business
|x Accounting.
|
| 650 |
|
0 |
|a Small business
|x Finance.
|
| 655 |
|
4 |
|a Electronic books.
|
| 776 |
0 |
8 |
|i Print version:
|a Prior, Pam.
|t Your first CFO : the accounting cure for small business owners.
|d New York, New York : Morgan James Publishing, c2018
|h 75 pages
|z 9781683505556
|
| 797 |
2 |
|
|a ProQuest (Firm)
|
| 856 |
4 |
0 |
|u https://ebookcentral.proquest.com/lib/matrademy/detail.action?docID=6448724
|z Click to View
|